ETHNICITY &nation-building inthe paccific (Record no. 16559)

MARC details
000 -LEADER
fixed length control field 00377nam a22001577a 4500
003 - CONTROL NUMBER IDENTIFIER
control field OSt
005 - DATE AND TIME OF LATEST TRANSACTION
control field 20211103154900.0
008 - FIXED-LENGTH DATA ELEMENTS--GENERAL INFORMATION
fixed length control field 211103b |||||||| |||| 00| 0 eng d
020 ## - INTERNATIONAL STANDARD BOOK NUMBER
International Standard Book Number 9280806890
040 ## - CATALOGING SOURCE
Transcribing agency HU
082 ## - DEWEY DECIMAL CLASSIFICATION NUMBER
Classification number 305.8182/ETH
100 ## - MAIN ENTRY--PERSONAL NAME
Personal name MICHAEL C.HOWARD
9 (RLIN) 16811
245 ## - TITLE STATEMENT
Title ETHNICITY &nation-building inthe paccific
300 ## - PHYSICAL DESCRIPTION
Extent 333p
942 ## - ADDED ENTRY ELEMENTS (KOHA)
Source of classification or shelving scheme Dewey Decimal Classification
Koha item type Books like text book referance book
Suppress in OPAC No
Holdings
Withdrawn status Lost status Source of classification or shelving scheme Damaged status Not for loan Home library Current library Shelving location Date acquired Total Checkouts Full call number Date last seen Price effective from Koha item type Barcode Copy number
    Dewey Decimal Classification     Social Library Social Library General Stacks 11/03/2021   305.81823/eth 11/03/2021 11/03/2021 Books like text book referance book    
    Dewey Decimal Classification     Social Library Social Library General Stacks 11/03/2021   305.81823/eth 11/03/2021 11/03/2021 Books like text book referance book SHLIB000002331 3
    Dewey Decimal Classification     Social Library Social Library General Stacks 11/03/2021   305.818223/eth 11/03/2021 11/03/2021 Books like text book referance book SHLIB000002332 4